Imiona żeńskie nadane dzieciom w Polsce w I połowie 2025 r. - Statystyki

Ogólne statystyki
  • Ten quiz został rozwiązany 206 razy
  • Średni wynik to 55 z 100
Statystyki odpowiedzi
nr liczba imię % Poprawnych
30 578 Anna
91%
6 1590 Julia
90%
19 968 Wiktoria
89%
1 2117 Zofia
89%
3 1864 Zuzanna
89%
13 1165 Maria
87%
7 1463 Oliwia
87%
89= 101 Paulina
86%
39 447 Natalia
84%
43 362 Weronika
84%
28 630 Aleksandra
83%
20 911 Lena
82%
66 172 Ewa
81%
5 1610 Hanna
80%
87 106 Katarzyna
80%
9 1307 Alicja
79%
83= 112 Daria
79%
64 193 Magdalena
79%
45 358 Barbara
78%
2 1946 Maja
78%
22 889 Iga
77%
79 122 Małgorzata
77%
12 1186 Emilia
76%
98 79 Emiliia
76%
75 136 Joanna
76%
10 1224 Amelia
74%
60 219 Karolina
74%
11 1207 Antonina
72%
71 146 Dominika
71%
31 570 Róża
71%
73 140 Urszula
70%
67= 166 Kinga
69%
83= 112 Marta
69%
8 1334 Pola
68%
54 241 Agata
67%
4 1791 Laura
67%
23 834 Gabriela
66%
17= 1102 Helena
66%
91 100 Kamila
66%
53 244 Martyna
65%
48 320 Nikola
65%
41 389 Sara
63%
26 769 Kornelia
61%
21 904 Łucja
61%
67= 166 Izabela
60%
35 521 Jagoda
60%
36 514 Nadia
60%
46 352 Nina
58%
89= 101 Lilia
56%
42 387 Milena
56%
38 453 Anastazja
54%
14 1147 Michalina
54%
33 548 Kaja
53%
55= 238 Marianna
53%
16 1106 Klara
52%
24 787 Rozalia
51%
29 600 Blanka
50%
97 81 Celina
50%
78 126 Ida
50%
80 114 Jadwiga
49%
27 692 Lilianna
49%
34 536 Aniela
48%
17= 1102 Marcelina
48%
15 1116 Liliana
46%
49 306 Wanda
46%
51= 255 Adrianna
45%
61= 202 Lidia
44%
59 222 Nel
44%
67= 166 Felicja
42%
88 105 Ada
41%
50 305 Eliza
41%
25 770 Nela
40%
70 160 Bianka
38%
72 144 Malwina
38%
37 455 Mia
37%
63 195 Diana
36%
57 228 Apolonia
35%
58 226 Gaja
35%
99 77 Lila
35%
44 360 Matylda
33%
47 324 Liwia
32%
55= 238 Melania
31%
32 565 Aurelia
30%
51= 255 Zoja
30%
82 113 Emma
29%
40 441 Jaśmina
29%
77 127 Kalina
28%
76 131 Luiza
28%
65 185 Stefania
28%
85= 110 Rita
24%
95 85 Adela
23%
92 93 Elena
23%
61= 202 Sofia
21%
93 87 Sofiia
21%
74 137 Jagna
20%
100 75 Lea
20%
94 86 Lara
17%
96 82 Noemi
14%
81 114 Milana
9%
85= 100 Adelina
6%
Nie znaleziono quizów pasujących do podanych kryteriów
Rozkład punktacji
Procent ludzi z każdym wynikiem
Percentyl według liczby udzielonych odpowiedzi
Twoja historia wyników
Nie rozwiązałeś tego quizu